SELF EMPLOYMENT (A ROAD TO PRIDE AND PROGRESS (Record no. 9350)
[ view plain ]
| 000 -LEADER | |
|---|---|
| fixed length control field | 00429nam a22001457a 4500 |
| 003 - CONTROL NUMBER IDENTIFIER | |
| control field | SGT |
| 082 ## - DEWEY DECIMAL CLASSIFICATION NUMBER | |
| Classification number | 650.1PAL |
| 100 ## - MAIN ENTRY--PERSONAL NAME | |
| Personal name | DR. SATPAL |
| 245 ## - TITLE STATEMENT | |
| Title | SELF EMPLOYMENT (A ROAD TO PRIDE AND PROGRESS |
| 260 ## - PUBLICATION, DISTRIBUTION, ETC. (IMPRINT) | |
| Place of publication, distribution, etc | ROHTAK |
| Name of publisher, distributor, etc | VIDYA PUBLICATIONS |
| 300 ## - PAGE DESCRIPTION | |
| No. of Pages | 159 |
| 650 ## - SUBJECT ADDED ENTRY--TOPICAL TERM | |
| Topical term or geographic name as entry element | MANAGEMENT(PERSONAL SUCCESS IN BUSINESS |
| 653 ## - KEYWORDS--INDEX TERM | |
| Keyword term | MINISTER EMPLOYMENT GENERATION PROGRAMME , EMPLOYMENT SCHEMES FOR BACKWARD CLASSES |
| 942 ## - ADDED ENTRY ELEMENTS (KOHA) | |
| Source of classification or shelving scheme | Dewey Decimal Classification |
| Koha item type | FCM Books |
| Withdrawn status | Lost status | Source of classification or shelving scheme | Damaged status | Not for loan | Collection code | Home library | Current library | Shelving location | Date acquired | Vendor Name | Cost, normal purchase price | SGTU | Total Checkouts | Full call number | Accession No. (Barcode) | Date last seen | Bill Date | Koha item type |
|---|---|---|---|---|---|---|---|---|---|---|---|---|---|---|---|---|---|---|
| Dewey Decimal Classification | COMMERCE MANAGEMENT | SGT Science & Social Sciences Library | SGT Science & Social Sciences Library | Text Book | 30/06/2016 | GIFT | 150.00 | SGTU | 650.1PAL | CM344 | 30/06/2016 | 30/06/2016 | FCM Books |